MARC

LEADER 00000nam0a2200000 4500
001 258534
005 20231101233315.0
020 |a RU  |b 88-20157 
035 |a (RuTPU)RU\TPU\book\281404 
090 |a 258534 
100 |a 20140425d1988 k y0rusy5003 ca 
101 0 |a rus 
102 |a RU 
105 |a a z 001zy 
200 1 |a Условия концентрирования циркония в магматических процессах  |f Л. Н. Когарко, Л. Н. Лазуткина, Л. Д. Кригман  |g Академия наук СССР (АН СССР), Институт геохимии и аналитической химии им. В. И. Вернадского (ГЕОХИ РАН) ; под ред. В. И. Коваленко 
210 |a Москва  |c Наука  |d 1988 
215 |a 119, [2] с., [4] л. ил.  |c ил. 
320 |a Библиогр.: с. 115-120 (139 назв.). 
606 1 |a Щелочные горные породы  |x Происхождение  |2 stltpush  |3 (RuTPU)RU\TPU\subj\19681  |9 44865 
606 1 |a Циркониевые руды  |x Месторождения россыпные  |x Минералогия  |2 stltpush  |3 (RuTPU)RU\TPU\subj\18325  |9 43779 
610 1 |a происхождение 
610 0 |a магматизм 
610 1 |a магматические горные породы 
610 1 |a магматические процессы 
610 1 |a концентрирование 
610 1 |a цирконий 
610 1 |a цирконийорганические соединения 
610 1 |a минералогия 
675 |a 552.33  |z rus  |v 3 
675 |a 553.493.5  |z rus  |v 3 
700 1 |a Когарко  |b Л. Н.  |g Лия Николаевна 
701 1 |a Лазуткина  |b Л. Н.  |g Людмила Николаевна 
701 1 |a Кригман  |b Л. Д.  |g Леонид Давидович 
702 1 |a Коваленко  |b В. И.  |4 340 
712 0 2 |a Академия наук СССР (АН СССР)  |b Институт геохимии и аналитической химии им. В. И. Вернадского (ГЕОХИ РАН)  |c (Москва)  |2 stltpush  |3 (RuTPU)RU\TPU\col\11383 
801 0 |a RU  |b RuMRKP  |c 19950417  |g psbo 
801 1 |a RU  |b 63413507  |c 20140425 
801 2 |a RU  |b 63413507  |c 20141020  |g RCR 
942 |c BK